Compendio historico de la religion desde la creacion del mundo hasta el estado presente de la Iglesia

Detalles Bibliográficos
Autor principal: Pintón, José
Formato: Libro
Lenguaje:Spanish
Publicado: Madrid : por D. Joaquin Ibarra, impresor de Cámara de S. M., 1772.
Edición:Octava edicion corregida y aumentada por su autor D. Josef Pinton, graduado en teología, y maestro de los caballeros pages de su Magestad
Materias:
Colección:Banco de datos
Acervo:Fondo Antiguo José Gutiérrez Casillas. S.J. de la Biblioteca Eusebio F. Kino. de la Provincia Mexicana de la Compañía de Jesús
Descripción Física:2 t. ; 8°
Tema general:Historia eclesiástica
Notas:Portada tipográfica con pleca y viñeta en grabado xilográfico. Texto a renglón seguido con paginación en números arábigos, cornisas, apostillas marginales, signaturas y notas a pie de página. Tomo con portada y paginación propias. El t. 1 publicado en 1772. Paginación: t. 1 [16] h., 468 p., [3] h. Encuadernación en piel sobre cartón. Ex libris manuscrito en la guarda inferior: "Es propiedad de Salvador de la Cruz [...] abril 14 de 1936". Daños de humedad
LEADER 01337nam a22001930004500
035 |a 3160 
041 0 |a spa 
100 1 |a Pintón, José 
245 1 0 |a Compendio historico de la religion desde la creacion del mundo hasta el estado presente de la Iglesia 
250 |a Octava edicion corregida y aumentada por su autor D. Josef Pinton, graduado en teología, y maestro de los caballeros pages de su Magestad 
260 |a Madrid : por D. Joaquin Ibarra, impresor de Cámara de S. M., 1772. 
300 |a 2 t. ; 8° 
500 |a Portada tipográfica con pleca y viñeta en grabado xilográfico. Texto a renglón seguido con paginación en números arábigos, cornisas, apostillas marginales, signaturas y notas a pie de página. Tomo con portada y paginación propias. El t. 1 publicado en 1772. Paginación: t. 1 [16] h., 468 p., [3] h. Encuadernación en piel sobre cartón. Ex libris manuscrito en la guarda inferior: "Es propiedad de Salvador de la Cruz [...] abril 14 de 1936". Daños de humedad 
504 |a Al final del tomo está el índice de las personas más principales mencionadas  
650 1 0 |a Historia eclesiástica 
949 |a 22952 (t. 1) 
942 |c KINO 
943 |g Fondo Antiguo José Gutiérrez Casillas. S.J. de la Biblioteca Eusebio F. Kino. de la Provincia Mexicana de la Compañía de Jesús 
999 |c 1096049  |d 1096049